UZAY HAKKINDA BİLMEN GEREKEN 100 ŞEY (Record no. 1257348)

MARC details
000 -LEADER
sabit uzunluktaki kontrol alanı 00231nam a2200085 4500
001 - KONTROL NUMARASI
kontrol alanı 1257348
005 - EN SON İŞLEMİN TARİH VE ZAMANI
kontrol alanı 20260211103312.0
245 ## - ESER / YAZAR
ESER ADI UZAY HAKKINDA BİLMEN GEREKEN 100 ŞEY
Yazar Adı ALEX FRITH, ALİCE JAMES, JEROME MARTİN
260 ## - YAYIN, DAĞITIM, VB.
YAYIN EVİ TÜBİTAK
Holdings
Düşüm durumu Kayıp durumu Sınıflandırma Kaynağı veya raf şeması Hasar Durumu Ödünç verilmez Ana kütüphane Geçerli Kütüphane Edinilen tarih Toplam ödünç verme sayısı Tam yer numarası Barkod İade tarihi Son görüntüleme tarihi Son ödünç verme tarihi Fiyatın geçerli olmaya başladığı tarih Koha materyal türü
    Dewey Ondalık Sınıflama     HAKİM ÖMER ONSUN İLKOKULU HAKİM ÖMER ONSUN İLKOKULU 11.02.2026 2 A22 1061286195 12.05.2026 27.04.2026 27.04.2026 11.02.2026 Books